Revista Universitaria : (Record no. 21761)

000 -CABECERA
fixed length control field 02057nam a22003257a 4500
003 - IDENTIFICADOR DEL NÚMERO DE CONTROL
control field AR-CdUCM
008 - DATOS DE LONGITUD FIJA--INFORMACIÓN GENERAL
fixed length control field 190425b ||||| |||| 00| 0 spa d
040 ## - FUENTE DE LA CATALOGACIÓN
Agencia/entidad que catalogó originalmente la obra MUNICIPALIDAD PROVINCIAL DEL CUSCO
Entidad que transcribió la catalogación BIBLIOTECA MUNICIPAL DEL CUSCO
082 ## - NÚMERO DE LA CLASIFICACIÓN DECIMAL DEWEY
No. de Clasificación Rev.Univ/N°107/1954
110 ## - ENTRADA PRINCIPAL--NOMBRE DE ENTIDAD CORPORATIVA
Nombre de la institución, jurisdicción como entrada principal Universidad Nacional de San Antonio Abad del Cusco
9 (RLIN) 15942
245 ## - MENCIÓN DE TÍTULO
Título Revista Universitaria :
Resto del título Órgano de la Universidad del Cuzco /
260 ## - PUBLICACIÓN, DISTRIBUCIÓN, ETC.
Lugar de publicación, distribución, etc. Cusco :
Nombre de la editorial, distribuidor, etc. H.G. Rozas,
Fecha de publicación, distribución, etc. 1954.
300 ## - DESCRIPCIÓN FÍSICA
Nº de Páginas Extensión 446 páginas. :
Dimensiones 20 cm.
440 ## - MENCIÓN DE SERIE/PUNTO DE ACCESO ADICIONAL--TÍTULO
Título Revista Universitaria
Número de la parte/sección de una obra Año XLIII, 2° semestre 1954, N°107.
9 (RLIN) 45997
505 ## - NOTA DE CONTENIDO CON FORMATO
Nota de contenido formateada Contenido: José Martí, la fragua de los titanes. Luis Velasco Aragón. -- El movimiento nacional Inca del siglo XVIII. Jhon H. Rowe. -- El hombre en la poesía de Vallejo. Ernesto More. -- Teoría del desarrollo incásico II parte. Carlos Núñez Anavitarte. -- La fenomenología keynesiana y nuestras inversiones nacionales. Cesar Augusto Reinaga. -- La reforma del código de comercio. Manuel García Calderón. -- La filosofía jurídica de Gustavo Radbruch. Manuel Labarthe. -- Especies nuevas o críticas de la flora en el Perú. César Vargas. -- Antibióticos. Jorge Kuon Cabello. -- El Congreso Interiberoamericano de Educación. Wilber Salas Rodríguez. Labor del departamento de extensión cultural. Luis Nieto. Colección de autores cuzqueños. Narciso Aréstegui. El padre Horán escenas de la vida del Cuzco. primera parte. Cuadernos de poesía los poetas de la patria. Guillermo Mercado. Antología.
650 ## - PUNTO DE ACCESO ADICIONAL DE MATERIA--TÉRMINO DE MATERIA
Descriptor Incas
9 (RLIN) 303
650 ## - PUNTO DE ACCESO ADICIONAL DE MATERIA--TÉRMINO DE MATERIA
Descriptor Inkas
9 (RLIN) 1899
650 ## - PUNTO DE ACCESO ADICIONAL DE MATERIA--TÉRMINO DE MATERIA
Descriptor Filosofía jurídica
9 (RLIN) 5201
650 ## - PUNTO DE ACCESO ADICIONAL DE MATERIA--TÉRMINO DE MATERIA
Descriptor Antibióticos
9 (RLIN) 36722
650 ## - PUNTO DE ACCESO ADICIONAL DE MATERIA--TÉRMINO DE MATERIA
Descriptor Narciso Aréstegui
9 (RLIN) 45998
650 ## - PUNTO DE ACCESO ADICIONAL DE MATERIA--TÉRMINO DE MATERIA
Descriptor El padre Horán
9 (RLIN) 45999
700 ## - PUNTO DE ACCESO ADICIONAL--NOMBRE DE PERSONA
Nombre Personal Velasco Aragón, Luis
9 (RLIN) 45947
700 ## - PUNTO DE ACCESO ADICIONAL--NOMBRE DE PERSONA
Nombre Personal Rowe, Jhon
9 (RLIN) 46000
700 ## - PUNTO DE ACCESO ADICIONAL--NOMBRE DE PERSONA
Nombre Personal García Calderón, Manuel
9 (RLIN) 27090
700 ## - PUNTO DE ACCESO ADICIONAL--NOMBRE DE PERSONA
Nombre Personal Salas Rodríguez, Wilbert
9 (RLIN) 5173
700 ## - PUNTO DE ACCESO ADICIONAL--NOMBRE DE PERSONA
Nombre Personal Aréstegui, Narciso
9 (RLIN) 28122
710 ## - PUNTO DE ACCESO ADICIONAL--NOMBRE DE ENTIDAD CORPORATIVA
Nombre corporativo (En letras Mayúsculas) Universidad Nacional de San Antonio Abad del Cusco
9 (RLIN) 15942
942 ## - ELEMENTOS DE PUNTO DE ACCESO ADICIONAL (KOHA)
Fuente de clasificación
Tipo de item Revistas cusqueñas
945 ## - PROCESAMIENTO DE INFORMACIÓN LOCAL (OCLC)
Catalogador rac
Holdings
Estado de retiro (separado) Fuente de clasificación o esquema de estanterías Estado dañado Ubicación Sala donde se ubica Nombre de la colección Fecha de adquisición o compra Costo, precio normal en soles Signatura topográfica Código de Barras Última vez visto (Koha) Tipo de ítem (Koha)
No     Sala Hemeroteca Sala Hemeroteca Book Cart 2021-07-12 10.00 Rev.Univ/N°107/1954 REVC000145 2021-07-12 Revistas cusqueñas
No     Sala Hemeroteca Sala Hemeroteca Book Cart 2021-07-12 10.00 Rev.Univ/N°107/1954/e.2 REVC000146 2021-07-12 Revistas cusqueñas
No     Sala Hemeroteca Sala Hemeroteca Book Cart 2021-07-12 10.00 Rev.Univ/N°107/1954/e.3 REVC000147 2021-07-12 Revistas cusqueñas

Powered by Koha